000 00289nam a22001337a 4500
008 181029b xxu||||| |||| 00| 0 eng d
020 _a9781847329158
041 _aeng
080 _a521
100 _a42
101 _aAST
245 _aMapping the Universe
_cMurdin,P
942 _2udc
_cBK
999 _c50957
_d50957